El agua y su impacto en la salud pública / (Record no. 120691)

MARC details
000 -CABECERA
campo de control de longitud fija 00834nam a2200217 a 4500
005 - FECHA Y HORA DE LA ÚLTIMA TRANSACCIÓN
campo de control 20241012063708.0
008 - ELEMENTOS DE LONGITUD FIJA--INFORMACIÓN GENERAL
campo de control de longitud fija 061207s2005 mx r 000 0 spa d
035 ## - NÚMERO DE CONTROL DEL SISTEMA
Número de control de sistema UPN01000148550
049 ## - COLECCIÓN
Colección CG
050 #4 - SIGNATURA TOPOGRÁFICA DE LA BIBLIOTECA DEL CONGRESO
Número de clasificación TD430
Número de documento/Ítem M3.2
100 1# - ASIENTO PRINCIPAL--NOMBRE PERSONAL
Nombre de persona Mazari Hiriat, Marisa
245 13 - MENCIÓN DE TÍTULO
Título El agua y su impacto en la salud pública /
Mención de responsabilidad, etc. Marisa Mazari Hiriat, Blanca E. Jiménez Cisneros, Yolanda López Vidal.
260 ## - PUBLICACIÓN, DISTRIBUCIÓN, ETC.
Lugar de publicación, distribución, etc. México :
Nombre del editor, distribuidor, etc. UNAM,
Fecha de publicación, distribución, etc. 2005.
300 ## - DESCRIPCIÓN FÍSICA
Extensión 91 p.
500 ## - NOTA GENERAL
Nota general A la cabeza de la portada: "El programa agua, medio ambiente y sociedad está patrocinado por la Fundación Gonzalo Río arronte, L.A.P."
650 #4 - ASIENTO SECUNDARIO DE MATERIA - TERMINO TEMATICO
Término de materia o nombre geográfico como elemento de entrada AGUA -
Subdivisión general PURIFICACION
9 (RLIN) 1857
650 #0 - ASIENTO SECUNDARIO DE MATERIA - TERMINO TEMATICO
Término de materia o nombre geográfico como elemento de entrada Salud pública
Subdivisión geográfica México
9 (RLIN) 8367
700 1# - ASIENTO SECUNDARIO--NOMBRE DE PERSONAL
Nombre de persona Jiménez Cisneros, Blanca Elena,
Fechas asociadas al nombre 1958-
Término indicativo de función/relación coaut.
9 (RLIN) 37786
700 1# - ASIENTO SECUNDARIO--NOMBRE DE PERSONAL
Nombre de persona López Vidal, Yolanda,
Término indicativo de función/relación coaut.
905 ## - TIPO DE MATERIAL
Tipo de material Libro
Holdings
Estado de retiro Estado de pérdida Fuente del sistema de clasificación o colocación Estado dañado No para préstamo Código de colección Localización permanente Ubicación/localización actual Ubicación en estantería Total de préstamos Clasificación Código de barras Fecha visto por última vez Número de copia Tipo de ítem Koha
    Library of Congress Classification     Colección General Bib. Gregorio Torres Quintero Bib. Gregorio Torres Quintero Planta baja   TD430 M3.2 241689 31/12/2020 1 Libro